Pioneros del diseño moderno : (Record no. 21286)

MARC details
000 -CABECERA
campo de control de longitud fija 01077nam a2200289 4500
003 - IDENTIFICADOR DEL NÚMERO DE CONTROL
campo de control OSt
005 - FECHA Y HORA DE LA ÚLTIMA TRANSACCIÓN
campo de control 20260601193528.0
008 - DATOS DE LONGITUD FIJA--INFORMACIÓN GENERAL
campo de control de longitud fija 260507b1963 ag a|||| |||| 00| 0 spa d
040 ## - FUENTE DE LA CATALOGACIÓN
Centro catalogador/agencia de origen ICI
Lengua de catalogación spa
Centro/agencia transcriptor ICI
050 #4 - SIGNATURA TOPOGRÁFICA DE LA BIBLIOTECA DEL CONGRESO
Número de clasificación N6450
Número de documento/Ítem P3518
100 #1 - ENTRADA PRINCIPAL--NOMBRE DE PERSONA
Nombre de persona Pevsner, Nikolaus,
Fechas asociadas al nombre 1902-1983,
9 (RLIN) 36156
240 #1 - TÍTULO UNIFORME
Título uniforme Pioneers of modern design.
Lenguaje de la obra Español
245 #1 - MENCIÓN DE TÍTULO
Título Pioneros del diseño moderno :
Resto del título de William Morris a Walter Gropius /
Mención de responsabilidad, etc. Nikolaus Pevsner ; versión castellana Odilia E. Suárez y Emma Gregores
264 ## - PRODUCCIÓN, PUBLICACIÓN, DISTRIBUCIÓN, FABRICACIÓN Y COPYRIGHT
Nombre del de productor, editor, distribuidor, fabricante Infinito,
Fecha de producción, publicación, distribución, fabricación o copyright 1963
Producción, publicación, distribución, fabricación y copyright Buenos Aires :
300 ## - DESCRIPCIÓN FÍSICA
Extensión 270 páginas
Dimensiones 23cm.
336 ## - TIPO DE CONTENIDO
Término de tipo de contenido texto
Fuente rdacontent
337 ## - TIPO DE MEDIO
Nombre/término del tipo de medio sin medio
Fuente rdamedia
338 ## - TIPO DE SOPORTE
Nombre/término del tipo de soporte volumen
Fuente rdacarrier
490 #0 - MENCIÓN DE SERIE
Mención de serie Biblioteca de diseño y artes visuales ;
Designación de volumen o secuencia 1
500 ## - NOTA GENERAL
Nota general Reimpresiones: (1963) -- (4a, 2003)
650 #4 - PUNTO DE ACCESO ADICIONAL DE MATERIA--TÉRMINO DE MATERIA
Término de materia o nombre geográfico como elemento de entrada Arte moderno
Subdivisión general Historia
Subdivisión cronológica Siglo XIX
9 (RLIN) 36157
650 #4 - PUNTO DE ACCESO ADICIONAL DE MATERIA--TÉRMINO DE MATERIA
Término de materia o nombre geográfico como elemento de entrada Arte moderno
Subdivisión general Historia
Subdivisión cronológica Siglo XX
9 (RLIN) 36158
700 #1 - PUNTO DE ACCESO ADICIONAL--NOMBRE DE PERSONA
Nombre de persona Suárez, Odilia E.,
Término indicativo de función/relación traductor
9 (RLIN) 36159
700 #1 - PUNTO DE ACCESO ADICIONAL--NOMBRE DE PERSONA
Nombre de persona Gregores, Emma,
Término indicativo de función/relación traductor
9 (RLIN) 36160
700 #1 - PUNTO DE ACCESO ADICIONAL--NOMBRE DE PERSONA
Nombre de persona Pevsner, Nikolaus,
Fechas asociadas al nombre 1902-1983
9 (RLIN) 36156
942 ## - ELEMENTOS DE PUNTO DE ACCESO ADICIONAL (KOHA)
Fuente del sistema de clasificación o colocación Library of Congress Classification
Tipo de ítem Koha Libros
Holdings
Estado de retiro Estado de pérdida Fuente del sistema de clasificación o colocación Estado dañado No para préstamo Localización permanente Ubicación/localización actual Fecha de adquisición Total de préstamos Signatura topográfica completa Código de barras Fecha visto por última vez Número de copia Precio válido a partir de Tipo de ítem Koha
El ejemplar forma parte de la colección y puede ser consultado según las políticas vigentes.   Library of Congress Classification     Biblioteca de Diseño Museo Franz Mayer Biblioteca de Diseño Museo Franz Mayer 07/05/2026   N6450 P3518 BDIMFM000539 07/05/2026 Ej.1 07/05/2026 Libros